000 00943nam a2200217Ia 4500
999 _c39231
_d39231
001 5817
003 GE_BSU
005 20190516191509.0
008 181216s1979||||ge |||||||||||||| ||geo||
040 _cGE_BSU
041 _aGEO
080 _a696.2 + 662.959.63(075.8) მ-93
100 _aმუსერიძე, ა.
_91266
245 _aაირმომარაგება ნაწ.II ტრანსპორტირება, შენახვა და განაწილება :
_bსახელმძღვ. /
_cა. მუსერიძე ; რედ. ი.გოგუაძე.
264 _aთბილისი :
_bგანათლება,
_c1979.
300 _a295 გვ. :
_bილ. ;
_c22 სმ.
504 _aბიბლიოგრ. : გვ.291.
653 _aაირმომარაგება
700 _aგოგუაძე, ი.
_eრედაქტორი
_91271
942 _cBK
_2udc